000
00279nam a22001337a 4500
008
171226b xxu||||| |||| 00| 0 eng d
020
_a
0195417917
041
_a
eng
080
_a
32
100
_a
19
101
_a
POL
245
_a
A FADING POWER
_c
HILLMER,N
942
_2
udc
_c
BK
999
_c
39393
_d
39393